Co to za logo? #2 (Fangea i inne kontynenty) - Statystyki

Ogólne statystyki
  • Ten quiz został rozwiązany 12 razy
  • Średni wynik to 12 z 24
Statystyki odpowiedzi
Obrazkowy Odpowiedź % Poprawnych
NTC
100%
Pop! Cola
100%
Top
100%
Pilroforion
71%
Tuhalf Capital
71%
E-Connect
57%
Radio Break The Core
57%
Reel Dish
57%
Sweefty
57%
Atech
43%
Not Input
43%
Pamlecz
43%
Ron’s
43%
Släppa
43%
Slopes
43%
Walerra
43%
Zaren
43%
ArchiNova
29%
Fresco
29%
Montecydias Pressöga
29%
Serava
29%
Sokolin
29%
Telekom
29%
Melodija
14%
Nie znaleziono quizów pasujących do podanych kryteriów
Rozkład punktacji
Procent ludzi z każdym wynikiem
Percentyl według liczby udzielonych odpowiedzi
Twoja historia wyników
Nie rozwiązałeś tego quizu